Calatrava bridges / (Record no. 40275)

MARC details
000 -LEADER
fixed length control field 01247cam a2200349 i 4500
001 - CONTROL NUMBER
control field vtls003112099
003 - CONTROL NUMBER IDENTIFIER
control field MY-SjTCS
005 - DATE AND TIME OF LATEST TRANSACTION
control field 20200306163225.0
008 - FIXED-LENGTH DATA ELEMENTS--GENERAL INFORMATION
fixed length control field 110218s2005 enkao b 000 0 eng d
020 ## - INTERNATIONAL STANDARD BOOK NUMBER
International Standard Book Number 0500285799 (paperback)
020 ## - INTERNATIONAL STANDARD BOOK NUMBER
International Standard Book Number 9780500285794 (paperback)
039 #9 - LEVEL OF BIBLIOGRAPHIC CONTROL AND CODING DETAIL [OBSOLETE]
Level of rules in bibliographic description 201809071430
Level of effort used to assign nonsubject heading access points VLOAD
Level of effort used to assign subject headings 201504110959
Level of effort used to assign classification pushpa
Level of effort used to assign subject headings 201102181405
Level of effort used to assign classification VLOAD
Level of effort used to assign subject headings 200811241807
Level of effort used to assign classification VLOAD
-- 200804031828
-- malathy
040 ## - CATALOGING SOURCE
Description conventions rda
082 04 - DEWEY DECIMAL CLASSIFICATION NUMBER
Classification number 725.98092
Item number TZO
100 1# - MAIN ENTRY--PERSONAL NAME
Personal name Tzonis, Alexander.
9 (RLIN) 15072
245 10 - TITLE STATEMENT
Title Calatrava bridges /
Statement of responsibility, etc. [Alexander Tzonis, Rebeca Caso Donadei]
264 #1 - PRODUCTION, PUBLICATION, DISTRIBUTION, MANUFACTURE, AND COPYRIGHT NOTICE
Place of production, publication, distribution, manufacture London :
Name of producer, publisher, distributor, manufacturer Thames & Hudson,
Date of production, publication, distribution, manufacture, or copyright notice [2005]
264 #4 - PRODUCTION, PUBLICATION, DISTRIBUTION, MANUFACTURE, AND COPYRIGHT NOTICE
Date of production, publication, distribution, manufacture, or copyright notice ©2005.
300 ## - PHYSICAL DESCRIPTION
Extent 272 pages :
Other physical details illustrations (chiefly colour) ;
Dimensions 21 cm
336 ## - CONTENT TYPE
Content type term text
Source rdacontent
336 ## - CONTENT TYPE
Content type term still image
Source rdacontent
337 ## - MEDIA TYPE
Media type term unmediated
Source rdamedia
338 ## - CARRIER TYPE
Carrier type term volume
Source rdacarrier
490 0# - SERIES STATEMENT
Series statement Architecture/design series
504 ## - BIBLIOGRAPHY, ETC. NOTE
Bibliography, etc. note Includes bibliographical references (page 265).
600 10 - SUBJECT ADDED ENTRY--PERSONAL NAME
Personal name Calatrava, Santiago,
Dates associated with a name 1951-
9 (RLIN) 14834
650 #0 - SUBJECT ADDED ENTRY--TOPICAL TERM
Topical term or geographic name entry element Bridges.
9 (RLIN) 212158
650 #0 - SUBJECT ADDED ENTRY--TOPICAL TERM
Topical term or geographic name entry element Bridges
General subdivision Design and construction
Form subdivision Pictorial works.
9 (RLIN) 229583
650 #0 - SUBJECT ADDED ENTRY--TOPICAL TERM
Topical term or geographic name entry element Architecture
General subdivision Aesthetics.
9 (RLIN) 15117
700 1# - ADDED ENTRY--PERSONAL NAME
Personal name Donadei, Rebecca Caso.
9 (RLIN) 229584
920 ## - Programme
Programme SABD : 526834, 215347
Holdings
Withdrawn status Lost status Source of classification or shelving scheme Damaged status Not for loan Home library Current library Date acquired Cost, normal purchase price Total Checkouts Barcode Date last seen Copy number Cost, replacement price Koha item type Public note Date last checked out
Withdrawn   Dewey Decimal Classification     Taylor's Library-TU Taylor's Library-TU 29/01/2015 98.39   5000155457 05/12/2019 1 98.39 Main Collection SABDx,23002,03,AD  
  Missing Stock take Dewey Decimal Classification     Taylor's Library-TU Taylor's Library-TU 03/04/2008   25 1001009168 05/12/2019 1   Main Collection SABDx,23002,03,AD 19/01/2012